[Event "Stockholm op 08"]
[Site "Stockholm"]
[Date "2012.08.??"]
[Round "8"]
[White "Bergstrom, Rolf"]
[Black "Revelj, Oskar"]
[Result "1/2-1/2"]
[WhiteElo "2277"]
[BlackElo "2140"]
[PlyCount "28"]
[EventDate "2012.08.??"]
[EventType "swiss"]
[EventRounds "9"]
[EventCountry "SWE"]
[SourceTitle "EXT 2013"]
[Source "ChessBase"]
[SourceDate "2012.11.22"]
[SourceVersion "1"]
[SourceVersionDate "2012.11.22"]
[SourceQuality "1"]

1. e4 c5 2. Nf3 Nc6 3. Bb5 e6 4. Bxc6 bxc6 5. d3 Ne7 6. Qe2 Ng6 7. h4 h5 8. e5 Be7 9. Qe4 d5 10. exd6 Qxd6 11. Na3 Rb8 12. Nc4 Qd5 13. Qe2 Ba6 14. Rb1 Bxc4 1/2-1/2

[Event "Stockholm op 08"]
[Site "Stockholm"]
[Date "2012.08.??"]
[Round "9"]
[White "Revelj, Oskar"]
[Black "Aroven, Mikael"]
[Result "1-0"]
[WhiteElo "2140"]
[BlackElo "2138"]
[PlyCount "81"]
[EventDate "2012.08.??"]
[EventType "swiss"]
[EventRounds "9"]
[EventCountry "SWE"]
[SourceTitle "EXT 2013"]
[Source "ChessBase"]
[SourceDate "2012.11.22"]
[SourceVersion "1"]
[SourceVersionDate "2012.11.22"]
[SourceQuality "1"]

1. d4 g6 2. c4 Bg7 3. Nc3 c5 4. d5 f5 5. Qc2 e5 6. e4 d6 7. exf5 gxf5 8. Bd3 Qf6 9. Nh3 Bh6 10. Nb5 Kd8 11. f4 e4 12. Be2 a6 13. Na3 Bg7 14. 0-0 b6 15. Rb1 a5 16. Bd2 Na6 17. Bc3 Qg6 18. Bh5 Bxc3 19. Qxc3 Qf6 20. Ng5 Ke7 21. Nf7 Bd7 22. Nxh8 Nh6 23. Qxf6+ Kxf6 24. Nc2 Rxh8 25. b3 Nb4 26. Nxb4 cxb4 27. Be2 Ng4 28. Bxg4 fxg4 29. Kf2 b5 30. Rfc1 Kf5 31. Ke3 h5 32. cxb5 Bxb5 33. Rc7 Ra8 34. Rbc1 g3 35. h3 a4 36. Rf7+ Kg6 37. Rcc7 Rg8 38. Kxe4 axb3 39. axb3 h4 40. f5+ Kh6 41. Kf4 1-0

[Event "Stockholm op"]
[Site "Stockholm"]
[Date "2010.08.19"]
[Round "6"]
[White "Gamback, Bjorn"]
[Black "Revelj, Oskar"]
[Result "1/2-1/2"]
[WhiteElo "2192"]
[BlackElo "2141"]
[PlyCount "34"]
[EventDate "2010.08.16"]
[EventType "swiss"]
[EventRounds "9"]
[EventCountry "SWE"]
[SourceTitle "CBM 137 Extra"]
[Source "ChessBase"]
[SourceDate "2010.09.01"]
[SourceVersion "1"]
[SourceVersionDate "2010.09.01"]
[SourceQuality "1"]

1. Nf3 d5 2. c4 c6 3. e3 Nf6 4. b3 Bg4 5. Bb2 Nbd7 6. Be2 e6 7. 0-0 Bd6 8. cxd5 cxd5 9. d3 0-0 10. Nbd2 Rc8 11. Rc1 Rxc1 12. Qxc1 Qb8 13. h3 Rc8 14. Qa1 Bh5 15. Rc1 Rxc1+ 16. Qxc1 Ne8 17. Kf1 a6 1/2-1/2

[Event "Stockholm op"]
[Site "Stockholm"]
[Date "2010.08.18"]
[Round "5"]
[White "Revelj, Oskar"]
[Black "Logdahl, Harald"]
[Result "1/2-1/2"]
[WhiteElo "2141"]
[BlackElo "2251"]
[PlyCount "104"]
[EventDate "2010.08.16"]
[EventType "swiss"]
[EventRounds "9"]
[EventCountry "SWE"]
[SourceTitle "CBM 137 Extra"]
[Source "ChessBase"]
[SourceDate "2010.09.01"]
[SourceVersion "1"]
[SourceVersionDate "2010.09.01"]
[SourceQuality "1"]

1. e4 Nf6 2. e5 Nd5 3. d4 d6 4. c4 Nb6 5. exd6 exd6 6. Nc3 Be7 7. Bd3 0-0 8. Nge2 Nc6 9. 0-0 Re8 10. a3 Bg4 11. Qc2 Bxe2 12. Nxe2 g6 13. b3 Bf6 14. Bb2 d5 15. c5 Nd7 16. b4 a6 17. Bc3 Nf8 18. Qb2 Ne6 19. a4 a5 20. b5 Nb4 21. Bxb4 axb4 22. Qxb4 b6 23. cxb6 cxb6 24. Rac1 Qe7 25. Qb3 Red8 26. Rfe1 Qa7 27. Bc2 Qa5 28. Red1 Rac8 29. Qb2 Rc4 30. Bb3 Qb4 31. Qa2 Rxc1 32. Rxc1 Nxd4 33. Nxd4 Qxd4 34. Qc2 Qb4 35. Qd3 Re8 36. g3 Re1+ 37. Rxe1 Qxe1+ 38. Kg2 d4 39. h3 Kg7 40. Bd5 Qb4 41. Qb3 Qe7 42. Qc4 g5 43. Qb3 h5 44. Qf3 Qe5 45. Be4 h4 46. gxh4 gxh4 47. Qg4+ Kh6 48. Qf5 Qxf5 49. Bxf5 Kg5 50. Bd3 Be5 51. Kf3 f5 52. Bc2 Bd6 1/2-1/2

[Event "SWE-chT2 0910"]
[Site "Sweden"]
[Date "2009.10.25"]
[Round "2"]
[White "Callergard, Robert"]
[Black "Revelj, Oskar"]
[Result "1-0"]
[WhiteElo "2315"]
[BlackElo "2103"]
[PlyCount "85"]
[EventDate "2009.10.24"]
[EventType "team"]
[EventRounds "9"]
[EventCountry "SWE"]
[SourceTitle "EXT 2011"]
[Source "ChessBase"]
[SourceDate "2010.11.26"]
[SourceVersion "1"]
[SourceVersionDate "2010.11.26"]
[SourceQuality "1"]
[WhiteTeam "Solna"]
[BlackTeam "Stockholm Rockaden II"]
[WhiteTeamCountry "SWE"]
[BlackTeamCountry "SWE"]

1. Nf3 c5 2. c4 Nf6 3. b3 g6 4. Bb2 Bg7 5. g3 b6 6. Bg2 Bb7 7. 0-0 0-0 8. Nc3 Nc6 9. d4 Nxd4 10. Nxd4 Bxg2 11. Kxg2 cxd4 12. Qxd4 Ne8 13. Qd2 Nc7 14. Rac1 Rc8 15. Rfd1 d6 16. e4 Qd7 17. Qe2 Rfd8 18. Rd2 Qe8 19. h4 h5 20. f4 e5 21. f5 Bh6 22. Rf1 Bxd2 23. Qxd2 Rd7 24. Ba3 Rcd8 25. Qg5 Qe7 26. Qh6 Qf8 27. Qg5 Qg7 28. f6 Qh7 29. Rf2 Ne6 30. Qe3 Kh8 31. Bc1 Rg8 32. Qe2 g5 33. hxg5 h4 34. Qg4 Nxg5 35. Bxg5 h3+ 36. Kh2 Rdd8 37. Nd5 b5 38. Ne7 bxc4 39. bxc4 Rge8 40. Bd2 Rb8 41. Rf5 Rb2 42. Rh5 Rxd2+ 43. Kxh3 1-0

[Event "SWE-chT2 0708"]
[Site "Sweden"]
[Date "2008.01.12"]
[Round "4"]
[White "Revelj, Oskar"]
[Black "Mardell, Jimmy"]
[Result "1-0"]
[WhiteElo "2144"]
[BlackElo "2141"]
[PlyCount "115"]
[EventDate "2007.10.20"]
[EventType "team"]
[EventRounds "9"]
[EventCountry "SWE"]
[SourceTitle "EXT 2009"]
[Source "ChessBase"]
[SourceDate "2008.11.26"]
[SourceVersion "1"]
[SourceVersionDate "2008.11.26"]
[SourceQuality "1"]
[WhiteTeam "Stockholm Rockaden II"]
[BlackTeam "Umea Rockaden"]
[WhiteTeamCountry "SWE"]
[BlackTeamCountry "SWE"]

1. c4 c5 2. Nf3 Nf6 3. Nc3 d5 4. d4 cxd4 5. Nxd5 Nxd5 6. cxd5 Qxd5 7. Qxd4 Be6 8. e4 Qh5 9. Ne5 Nd7 10. Nxd7 Bxd7 11. Be2 Qa5+ 12. Bd2 Qb6 13. Be3 Qxd4 14. Bxd4 e6 15. 0-0 Bc6 16. Rac1 Be7 17. Bxg7 Rg8 18. Bh6 Rg6 19. Rxc6 bxc6 20. Be3 Bd8 21. Bf4 Bg5 22. Bg3 Rd8 23. f4 Bf6 24. e5 Be7 25. Bf2 Rd2 26. Bf3 c5 27. Rb1 Rg8 28. Kf1 Kd8 29. Ke1 Rd7 30. g3 Kc8 31. Bh5 Rf8 32. Rc1 Rc7 33. Ke2 Kb8 34. Rc2 f6 35. exf6 Rxf6 36. Be1 Bd6 37. Bf3 Rh6 38. h4 Rg6 39. Be4 Rgg7 40. Kf3 h6 41. Bc3 Rg8 42. Rd2 Rd7 43. Ba5 Rdd8 44. Bxd8 Rxd8 45. Bc2 Kc7 46. Re2 Kd7 47. Bb3 e5 48. fxe5 Bf8 49. Rd2+ Ke7 50. Rxd8 Kxd8 51. Ke4 Bg7 52. Kf5 Ke7 53. Bc4 Bh8 54. b3 Bg7 55. g4 Bf8 56. Kg6 Ke8 57. g5 hxg5 58. hxg5 1-0

[Event "Rilton Cup 36th"]
[Site "Stockholm"]
[Date "2006.12.28"]
[Round "2"]
[White "Revelj, Oskar"]
[Black "Engqvist, Thomas"]
[Result "0-1"]
[WhiteElo "2105"]
[BlackElo "2364"]
[PlyCount "69"]
[EventDate "2006.12.27"]
[EventType "swiss"]
[EventRounds "9"]
[EventCountry "SWE"]
[SourceTitle "CBM 116 Extra"]
[Source "ChessBase"]
[SourceDate "2007.03.07"]
[SourceVersion "1"]
[SourceVersionDate "2007.03.07"]
[SourceQuality "1"]

1. e4 c6 2. c4 e5 3. Nf3 d6 4. d4 Bg4 5. Be2 Nd7 6. Nc3 Ngf6 7. 0-0 Be7 8. Be3 0-0 9. Qc2 a6 10. Rfd1 Qb8 11. a4 Bxf3 12. Bxf3 a5 13. Be2 Bd8 14. dxe5 dxe5 15. Rd2 Be7 16. Rad1 Nc5 17. g4 h6 18. h3 Ne6 19. c5 Bxc5 20. Bxc5 Nxc5 21. Rd6 Ne6 22. Qd2 Nf4 23. Bf1 N4d5 24. Rxd5 cxd5 25. exd5 Qd6 26. Nb5 Qc5 27. Rc1 Qxd5 28. Qe3 Rac8 29. Re1 Rfe8 30. Nc3 Qd4 31. Qg3 Qd2 32. Rd1 Qxb2 33. Nb5 Rc1 34. Rd6 Ne4 35. Qd3 0-1

[Event "SWE-ch U20"]
[Site "Sweden"]
[Date "2004.??.??"]
[Round "?"]
[White "Revelj, Oskar"]
[Black "Smith, Axel"]
[Result "1/2-1/2"]
[WhiteElo "2110"]
[BlackElo "2135"]
[PlyCount "123"]
[EventDate "2004.07.10"]
[EventType "tourn"]
[EventRounds "12"]
[EventCountry "SWE"]
[SourceTitle "EXT 2007"]
[Source "ChessBase"]
[SourceDate "2006.11.23"]
[SourceVersion "1"]
[SourceVersionDate "2006.11.23"]
[SourceQuality "1"]

1. e4 e6 2. d4 d5 3. Nd2 Nf6 4. e5 Nfd7 5. c3 c5 6. f4 cxd4 7. cxd4 Nc6 8. Ndf3 Qb6 9. g3 Bb4+ 10. Kf2 g5 11. fxg5 Ndxe5 12. Nxe5 Nxe5 13. Kg2 Nc6 14. Nf3 Bd7 15. Be2 Bf8 16. b3 Bg7 17. Bb2 0-0-0 18. Rf1 Kb8 19. Qd2 Ka8 20. Ne5 Nxe5 21. dxe5 d4 22. Rxf7 Bxe5 23. Bf3 Rhf8 24. Rxf8 Rxf8 25. Rc1 Bg7 26. Bxd4 Bxd4 27. Qd3 Bc6 28. Bxc6 bxc6 29. Qe4 Rc8 30. Qxh7 c5 31. Qe4+ Qb7 32. Re1 Re8 33. h4 Qxe4+ 34. Rxe4 Kb7 35. h5 Kc6 36. h6 Kd5 37. Rg4 Rh8 38. g6 Rxh6 39. g7 Bxg7 40. Rxg7 a6 41. Rd7+ Kc6 42. Rd2 Rh8 43. g4 a5 44. Kg3 a4 45. g5 axb3 46. axb3 Rb8 47. Rd3 e5 48. Kg4 e4 49. Rg3 Kd5 50. g6 Kd4 51. g7 Rg8 52. Kf5 e3 53. Kf6 e2 54. Rg1 Ke3 55. Kf7 Rxg7+ 56. Kxg7 Kf2 57. Rc1 e1Q 58. Rxe1 Kxe1 59. Kf6 Kd2 60. Ke5 Kc3 61. Kd5 Kxb3 62. Kxc5 1/2-1/2

[Event "Hallstahammar op"]
[Site "Hallstahammar"]
[Date "2003.09.13"]
[Round "5"]
[White "Revelj, Oskar"]
[Black "Gustafsson, Fredrik"]
[Result "1-0"]
[WhiteElo "2128"]
[BlackElo "1822"]
[PlyCount "95"]
[EventDate "2003.09.12"]
[EventType "swiss"]
[EventRounds "7"]
[EventCountry "SWE"]
[SourceTitle "CBM 096 Extra"]
[Source "ChessBase"]
[SourceDate "2003.10.22"]
[SourceVersion "2"]
[SourceVersionDate "2003.10.20"]
[SourceQuality "1"]

1. e4 e6 2. d4 d5 3. Nd2 c5 4. exd5 exd5 5. Ngf3 Nf6 6. Bb5+ Bd7 7. Bxd7+ Nbxd7 8. 0-0 Be7 9. dxc5 Nxc5 10. Nb3 Nxb3 11. axb3 0-0 12. Bg5 a6 13. Qd3 Rc8 14. c3 h6 15. Be3 Qc7 16. Rfd1 Rfd8 17. Qf5 Qd7 18. Qxd7 Rxd7 19. Rd3 Bc5 20. Nd4 Ng4 21. Bf4 Re8 22. h3 Nf6 23. Be3 Kf8 24. Rad1 Bxd4 25. Rxd4 Re4 26. R4d2 Re6 27. Kf1 Ke8 28. Rd3 Red6 29. Bc5 Re6 30. Be3 Re4 31. g4 Re6 32. Bd4 Ke7 33. Bxf6+ Rxf6 34. Rxd5 Rxd5 35. Rxd5 Rd6 36. Rxd6 Kxd6 37. Ke2 Ke5 38. Ke3 g5 39. b4 Kd5 40. Kd3 f6 41. c4+ Ke5 42. Ke3 f5 43. f3 f4+ 44. Kd3 b6 45. Kc3 b5 46. b3 Ke6 47. Kd4 Kd6 48. Ke4 1-0

[Event "SWE-ch U18"]
[Site "Umea"]
[Date "2003.07.10"]
[Round "11"]
[White "Wallin, Denis"]
[Black "Revelj, Oskar"]
[Result "1-0"]
[WhiteElo "2259"]
[BlackElo "2148"]
[PlyCount "77"]
[EventDate "2003.06.29"]
[EventType "tourn"]
[EventRounds "13"]
[EventCountry "SWE"]
[SourceTitle "EXT 2004"]
[Source "ChessBase"]
[SourceDate "2003.11.25"]
[SourceVersion "1"]
[SourceVersionDate "2003.11.25"]
[SourceQuality "1"]

1. Nf3 d5 2. c4 e6 3. cxd5 exd5 4. d4 c6 5. Nc3 Nf6 6. Bg5 Nbd7 7. e3 Bd6 8. Bd3 Nf8 9. Bh4 Ng6 10. Bg3 0-0 11. Qc2 Re8 12. 0-0-0 Bg4 13. Bxd6 Qxd6 14. h3 Be6 15. g4 a5 16. Na4 Nd7 17. Kb1 b5 18. Nc5 Nxc5 19. dxc5 Qc7 20. Nd4 Rad8 21. Rdg1 Nf8 22. h4 Bc8 23. h5 Re7 24. Rg2 Rde8 25. Rhg1 Kh8 26. Nf5 Re5 27. Nd6 R8e7 28. Bf5 Bd7 29. h6 f6 30. hxg7+ Rxg7 31. Rh1 Bxf5 32. Nxf5 Rf7 33. Rgh2 a4 34. Qc3 Re6 35. Nd6 Rd7 36. Rh6 Qd8 37. g5 Kg7 38. gxf6+ Rxf6 39. Rxf6 1-0

[Event "SWE-ch U18"]
[Site "Umea"]
[Date "2003.07.04"]
[Round "6"]
[White "Revelj, Oskar"]
[Black "Semcesen, Daniel"]
[Result "0-1"]
[WhiteElo "2148"]
[BlackElo "2333"]
[PlyCount "76"]
[EventDate "2003.06.29"]
[EventType "tourn"]
[EventRounds "13"]
[EventCountry "SWE"]
[SourceTitle "EXT 2004"]
[Source "ChessBase"]
[SourceDate "2003.11.25"]
[SourceVersion "1"]
[SourceVersionDate "2003.11.25"]
[SourceQuality "1"]

1. e4 c5 2. Nf3 Nc6 3. d4 cxd4 4. Nxd4 Nf6 5. Nc3 e5 6. Ndb5 d6 7. Bg5 a6 8. Na3 b5 9. Bxf6 gxf6 10. Nd5 f5 11. Bd3 Be6 12. 0-0 Bxd5 13. exd5 Ne7 14. Nxb5 Bg7 15. Nc3 e4 16. Bc4 0-0 17. Rb1 Qc8 18. Qe2 Ng6 19. Rfd1 Re8 20. Na4 f4 21. Nb6 f3 22. Qf1 fxg2 23. Qxg2 Qc5 24. Nxa8 Qxc4 25. b3 Qc5 26. Re1 f5 27. Qh3 Rf8 28. c4 Ne5 29. Re2 Qa7 30. Kh1 Qxa8 31. Rg1 Qd8 32. Qh5 Nf3 33. Rd1 Rf6 34. h3 Qc8 35. Rde1 Nxe1 36. Rxe1 Rh6 37. Qg5 f4 38. h4 Qh3+ 0-1

[Event "FAI-ch Junior Gr B"]
[Site "Torshavn"]
[Date "2003.02.??"]
[Round "1"]
[White "Anttila, Perttu"]
[Black "Revelj, Oskar"]
[Result "1-0"]
[WhiteElo "1720"]
[BlackElo "2062"]
[PlyCount "39"]
[EventDate "2003.02.??"]
[EventType "swiss"]
[EventRounds "6"]
[EventCountry "FAI"]
[SourceTitle "EXT 2024"]
[Source "ChessBase"]
[SourceDate "2023.10.10"]
[SourceVersion "1"]
[SourceVersionDate "2023.10.10"]
[SourceQuality "1"]

1. d4 Nf6 2. f4 d5 3. Nf3 c5 4. c3 cxd4 5. cxd4 Nc6 6. g3 Bf5 7. Ne5 Be4 8. Rg1 e6 9. Nc3 Bb4 10. Qa4 Qb6 11. e3 0-0 12. Bd2 Rfc8 13. Nxc6 Bxc3 14. Ne7+ Kf8 15. Bxc3 Kxe7 16. Bb4+ Kd8 17. Ba5 Ng4 18. Bxb6+ axb6 19. Qb4 Nxe3 20. Qd6+ 1-0

[Event "FAI-ch Junior Gr B"]
[Site "Torshavn"]
[Date "2003.02.??"]
[Round "6"]
[White "Hynninen, Juha"]
[Black "Revelj, Oskar"]
[Result "1/2-1/2"]
[WhiteElo "1960"]
[BlackElo "2062"]
[PlyCount "46"]
[EventDate "2003.02.??"]
[EventType "swiss"]
[EventRounds "6"]
[EventCountry "FAI"]
[SourceTitle "EXT 2024"]
[Source "ChessBase"]
[SourceDate "2023.10.10"]
[SourceVersion "1"]
[SourceVersionDate "2023.10.10"]
[SourceQuality "1"]

1. f4 d5 2. Nf3 c5 3. b3 Nc6 4. Bb2 Nf6 5. e3 a6 6. a4 e6 7. Be2 b6 8. 0-0 Bb7 9. Ne5 Bd6 10. d4 Qc7 11. Nd2 Rc8 12. c3 Ne7 13. g4 Ne4 14. Rc1 Nxd2 15. Qxd2 f5 16. h3 0-0 17. Bd3 Bxe5 18. fxe5 c4 19. Bc2 cxb3 20. Bxb3 Qd7 21. Ba3 Rf7 22. Bc2 g6 23. Qe1 Nc6 1/2-1/2

[Event "FAI-ch Junior Gr B"]
[Site "Torshavn"]
[Date "2003.02.??"]
[Round "5"]
[White "Skrondal, Inge Sandstad"]
[Black "Revelj, Oskar"]
[Result "0-1"]
[WhiteElo "1710"]
[BlackElo "2062"]
[PlyCount "72"]
[EventDate "2003.02.??"]
[EventType "swiss"]
[EventRounds "6"]
[EventCountry "FAI"]
[SourceTitle "EXT 2024"]
[Source "ChessBase"]
[SourceDate "2023.10.10"]
[SourceVersion "1"]
[SourceVersionDate "2023.10.10"]
[SourceQuality "1"]

1. c4 c5 2. g3 Nc6 3. Bg2 g6 4. Nc3 Bg7 5. Nf3 Nf6 6. 0-0 0-0 7. d4 cxd4 8. Nxd4 Ng4 9. e3 d6 10. Nxc6 bxc6 11. Bxc6 Rb8 12. Bg2 Bxc3 13. bxc3 Qa5 14. Qd4 Be6 15. Bd5 Ne5 16. f4 Nd7 17. e4 Bh3 18. Re1 Nb6 19. e5 Rfc8 20. exd6 e6 21. f5 exd5 22. Bh6 Qc5 23. Re8+ Rxe8 24. Qxc5 Nd7 25. Qxa7 Bxf5 26. c5 Rb2 27. Qc7 Ne5 28. Rf1 Be4 29. Rf2 Nf3+ 30. Kg2 Ng5+ 31. Kf1 Bd3+ 32. Kg2 Rxf2+ 33. Kxf2 Re2+ 34. Kf1 Rxh2+ 35. Ke1 Nf3+ 36. Kd1 Rh1# 0-1

[Event "Malmo op U20"]
[Site "Malmo"]
[Date "2003.??.??"]
[Round "7"]
[White "Revelj, Oskar"]
[Black "Merzliakov, Evgeniy"]
[Result "1/2-1/2"]
[WhiteElo "2062"]
[BlackElo "2163"]
[PlyCount "59"]
[EventDate "2003.??.??"]
[EventType "swiss"]
[EventRounds "9"]
[EventCountry "SWE"]
[SourceTitle "EXT 2005"]
[Source "ChessBase"]
[SourceDate "2004.11.15"]
[SourceVersion "1"]
[SourceVersionDate "2004.11.15"]
[SourceQuality "1"]

1. d4 e6 2. Nf3 b6 3. c4 Bb7 4. Nc3 Bb4 5. Qc2 f5 6. Bg5 Nf6 7. e3 0-0 8. Nd2 d6 9. f3 Nbd7 10. Bd3 Qe8 11. 0-0 Bxc3 12. Qxc3 Qh5 13. Bxf6 Rxf6 14. Rf2 Re8 15. b4 f4 16. e4 e5 17. d5 g5 18. Be2 Qh4 19. Nf1 Rf7 20. g4 h5 21. h3 hxg4 22. hxg4 Qh6 23. Rh2 Qg6 24. Kg2 Rh7 25. Rxh7 Qxh7 26. Nd2 Qh4 27. Rh1 Qg3+ 28. Kf1 Nf6 29. Qc1 Rf8 30. Qe1 1/2-1/2

[Event "Malmo op U20"]
[Site "Malmo"]
[Date "2003.??.??"]
[Round "2"]
[White "Smith, Axel"]
[Black "Revelj, Oskar"]
[Result "0-1"]
[WhiteElo "2076"]
[BlackElo "2062"]
[PlyCount "36"]
[EventDate "2003.??.??"]
[EventType "swiss"]
[EventRounds "9"]
[EventCountry "SWE"]
[SourceTitle "EXT 2005"]
[Source "ChessBase"]
[SourceDate "2004.11.15"]
[SourceVersion "1"]
[SourceVersionDate "2004.11.15"]
[SourceQuality "1"]

1. e4 e5 2. f4 exf4 3. Nf3 Ne7 4. d4 d5 5. e5 Ng6 6. Bd3 c5 7. h4 Be7 8. h5 Nh4 9. 0-0 Bg4 10. Be2 Nf5 11. Bxf4 cxd4 12. Qd3 Nc6 13. Nbd2 Qb6 14. a3 Rd8 15. Kf2 Ne3 16. Rfc1 Bxh5 17. Nb3 Bg6 18. Qd2 Nc4 0-1

[Event "SWE-ch U20"]
[Site "Skara"]
[Date "2002.07.11"]
[Round "11"]
[White "Revelj, Oskar"]
[Black "Andersson, Fredrik1111"]
[Result "1/2-1/2"]
[WhiteElo "2048"]
[BlackElo "2273"]
[PlyCount "85"]
[EventDate "2002.06.30"]
[EventType "tourn"]
[EventRounds "13"]
[EventCountry "SWE"]
[SourceTitle "CBM 089 Extra"]
[Source "ChessBase"]
[SourceDate "2002.09.10"]
[SourceVersion "2"]
[SourceVersionDate "2002.09.10"]
[SourceQuality "1"]

1. c4 c6 2. Nf3 d5 3. b3 Nf6 4. Bb2 Bg4 5. Ne5 Bf5 6. g3 e6 7. Bg2 Be7 8. 0-0 Nbd7 9. Nxd7 Qxd7 10. d3 0-0 11. Nd2 Rfd8 12. Nf3 Qc7 13. Nh4 Bg6 14. Nxg6 hxg6 15. Qc2 a5 16. a3 Rac8 17. Rfb1 b5 18. cxb5 cxb5 19. Qxc7 Rxc7 20. Rc1 Rdc8 21. Rxc7 Rxc7 22. Rc1 Rxc1+ 23. Bxc1 Nd7 24. d4 Nb6 25. e4 Kf8 26. Kf1 Ke8 27. Ke2 Kd7 28. Kd3 Kc6 29. exd5+ exd5 30. Bf3 Nd7 31. h4 Nb6 32. h5 gxh5 33. Bxh5 g6 34. Bd1 Kd7 35. Bc2 Kc6 36. Ke3 Bg5+ 37. f4 Be7 38. Kd3 Nc8 39. g4 Nd6 40. Ke3 Nc8 41. Kf3 Nd6 42. f5 g5 43. Ke3 1/2-1/2

[Event "SWE-ch U20"]
[Site "Skara"]
[Date "2002.07.08"]
[Round "7"]
[White "Namini, Armin"]
[Black "Revelj, Oskar"]
[Result "1-0"]
[WhiteElo "2126"]
[BlackElo "2048"]
[PlyCount "97"]
[EventDate "2002.06.30"]
[EventType "tourn"]
[EventRounds "13"]
[EventCountry "SWE"]
[SourceTitle "CBM 089 Extra"]
[Source "ChessBase"]
[SourceDate "2002.09.10"]
[SourceVersion "2"]
[SourceVersionDate "2002.09.10"]
[SourceQuality "1"]

1. Nf3 d5 2. e3 Bg4 3. h3 Bh5 4. b3 Nd7 5. Bb2 f6 6. c4 c6 7. Nc3 e6 8. Be2 Bd6 9. Rc1 Ne7 10. d3 0-0 11. Nd4 Bf7 12. cxd5 Nxd5 13. 0-0 Rc8 14. Nxd5 cxd5 15. Rxc8 Qxc8 16. Bh5 Bxh5 17. Qxh5 Nc5 18. Rd1 Qd7 19. Qg4 f5 20. Qe2 e5 21. Nf3 e4 22. Ne1 Qb5 23. Qc2 f4 24. Qc3 Rf7 25. exf4 Bxf4 26. Ba3 Rc7 27. Qd4 Ne6 28. Qxa7 d4 29. g3 Be5 30. Qa8+ Kf7 31. Qh8 e3 32. f4 Bxf4 33. gxf4 Qh5 34. Rb1 Qxh3 35. Qb8 Qg3+ 36. Ng2 Rc2 37. Qxb7+ Kg6 38. Qe4+ Kh5 39. Qf5+ g5 40. Qf7+ Kg4 41. Qxe6+ Kf3 42. Qe4+ Ke2 43. Re1+ Kd2 44. Bb4+ Rc3 45. Bxc3+ Kxc3 46. Qc6+ Kb4 47. a3+ Kxb3 48. Rb1+ Ka2 49. Qc2+ 1-0